000
00327nam a22001457a 4500
003
SGT
020
_a
978-93-48565-82-2
082
_a
174
_b
OJH
100
_a
OJHA, CHIRAG
245
_a
A TEXTBOOK OF UNIVERSAL HUMAN VALUES
260
_a
INDIA
_b
IP PUB.
_c
2025
300
_a
138
650
_a
HUMAN VALUES
942
_2
ddc
_c
BK
999
_c
34185
_d
34185